<?xml version="1.0" encoding="UTF-8"?>
<record
    xmlns:xsi="http://www.w3.org/2001/XMLSchema-instance"
    xsi:schemaLocation="http://www.loc.gov/MARC21/slim http://www.loc.gov/standards/marcxml/schema/MARC21slim.xsd"
    xmlns="http://www.loc.gov/MARC21/slim">

  <leader>02344nam a22002417a 4500</leader>
  <datafield tag="999" ind1=" " ind2=" ">
    <subfield code="c">10015</subfield>
    <subfield code="d">10015</subfield>
  </datafield>
  <controlfield tag="003">GBCCL</controlfield>
  <controlfield tag="005">20241126110723.0</controlfield>
  <controlfield tag="008">240109b           ||||| |||| 00| 0 eng d</controlfield>
  <datafield tag="020" ind1=" " ind2=" ">
    <subfield code="a">9780281069361 </subfield>
  </datafield>
  <datafield tag="020" ind1=" " ind2=" ">
    <subfield code="a">0281069360</subfield>
  </datafield>
  <datafield tag="040" ind1=" " ind2=" ">
    <subfield code="c">gbc</subfield>
  </datafield>
  <datafield tag="082" ind1=" " ind2=" ">
    <subfield code="a">230.042</subfield>
    <subfield code="b">GRE</subfield>
  </datafield>
  <datafield tag="100" ind1=" " ind2=" ">
    <subfield code="a">Greenwood, Robin </subfield>
    <subfield code="9">17389</subfield>
  </datafield>
  <datafield tag="245" ind1=" " ind2=" ">
    <subfield code="a">Being Church :</subfield>
    <subfield code="b">the formation of Christian community /</subfield>
    <subfield code="c">Robin Greenwood</subfield>
  </datafield>
  <datafield tag="260" ind1=" " ind2=" ">
    <subfield code="a">New York, </subfield>
    <subfield code="b">SPCK, </subfield>
    <subfield code="c">2013</subfield>
  </datafield>
  <datafield tag="300" ind1=" " ind2=" ">
    <subfield code="a">281 pages</subfield>
  </datafield>
  <datafield tag="505" ind1=" " ind2=" ">
    <subfield code="a">Being Church offers ideas and strategies, based on real experience and detailed reflection, on processes that offer support and challenge to church leaders and especially clergy, whether parish clergy, or diocesan advisers, or bishops. Through the guiding metaphor of Presiding the book shows how to empower the laos, the whole people of God, clergy and laity together. It gives guidance on drawing out confident leadership, centred discipleship, mutual affirmation, a sense of being on a journey towards and with God, discerning local churches direction, sense of identity, and the courage to</subfield>
  </datafield>
  <datafield tag="505" ind1=" " ind2=" ">
    <subfield code="a">Cover; Praise for this Book; Title page; Imprint; Dedication; Table of contents; About the author; Acknowledgements; Introduction; 1. Finding how to be Church again: key virtues of a God-centred Christian community; 2. God's people on the move: genuine innovation requires a new way of seeing everything; 3. A listening Church: learning from the wisdom of mystics and organizational theorists; 4. Learning together: choosing cooperation rather than competition; 5. Formed in the walking of Jesus: community formed in encountering and being healed by Jesus. 6. From strategies to virtues: choosing and living practices to build the Church's character and purpose7. Grown-up Church: maturing through personal and corporate awareness; 8. The unresolved dilemma: baptismal promises and ordination vows; 9. Virtues and habits of churches and priests: taking responsibility together for being Church; 10. Spirit-led community: growing in hospitality and love through sharing in the Eucharist; 11. Open and pastoral: Church as the giving and receiving of love; 12. Communicating: letting down barriers and being real</subfield>
  </datafield>
  <datafield tag="650" ind1=" " ind2=" ">
    <subfield code="a"> Catholic Church</subfield>
    <subfield code="9">13398</subfield>
  </datafield>
  <datafield tag="650" ind1=" " ind2=" ">
    <subfield code="a"> Catholic Church </subfield>
    <subfield code="v">Miscellanea </subfield>
    <subfield code="9">17390</subfield>
  </datafield>
  <datafield tag="650" ind1=" " ind2=" ">
    <subfield code="a">Church</subfield>
    <subfield code="9">263</subfield>
  </datafield>
  <datafield tag="942" ind1=" " ind2=" ">
    <subfield code="2">ddc</subfield>
    <subfield code="c">BK</subfield>
    <subfield code="0">1</subfield>
  </datafield>
  <datafield tag="952" ind1=" " ind2=" ">
    <subfield code="0">0</subfield>
    <subfield code="1">0</subfield>
    <subfield code="2">ddc</subfield>
    <subfield code="4">0</subfield>
    <subfield code="7">0</subfield>
    <subfield code="a">GBC</subfield>
    <subfield code="b">GBC</subfield>
    <subfield code="c">TH</subfield>
    <subfield code="d">2024-01-27</subfield>
    <subfield code="l">1</subfield>
    <subfield code="o">230.042 GRE</subfield>
    <subfield code="p">020558</subfield>
    <subfield code="r">2025-05-01 00:00:00</subfield>
    <subfield code="s">2024-07-22</subfield>
    <subfield code="t">c.1</subfield>
    <subfield code="w">2024-01-27</subfield>
    <subfield code="y">BK</subfield>
  </datafield>
</record>
